[Event "Bundesliga 9899"]
[Site "Deutschland"]
[Date "1998.11.22"]
[Round "4.7"]
[White "Beckemeier, Werner"]
[Black "Nijboer, Friso"]
[Result "1/2-1/2"]
[WhiteElo "2380"]
[BlackElo "2580"]
[PlyCount "98"]
[EventDate "1998.10.17"]
[EventType "team"]
[EventRounds "15"]
[EventCountry "GER"]
[SourceTitle "Bundesliga 9899"]
[Source "DeepChess"]
[SourceDate "2005.01.01"]
[SourceVersion "1"]
[SourceVersionDate "2005.01.01"]
[SourceQuality "1"]
[WhiteTeam "Delmenhorster SK 1931"]
[BlackTeam "SG Porz e.V."]
[WhiteTeamCountry "GER"]
[BlackTeamCountry "GER"]

1. e4 c5 2. Nf3 e6 3. c3 d5 4. exd5 exd5 5. d4 Nc6 6. Bb5 Bd6 7. O-O Nge7 8.
dxc5 Bxc5 9. Nbd2 O-O 10. Nb3 Bd6 11. Bd3 Bf5 12. Be3 Qd7 13. Bc5 Rfe8 14. Bxd6
Qxd6 15. Bxf5 Nxf5 16. Qd3 g6 17. Rad1 Rad8 18. Qb5 Re7 19. Rfe1 a6 20. Qd3
Rxe1+ 21. Rxe1 d4 22. cxd4 Nfxd4 23. Nfxd4 Nxd4 24. Nxd4 Qxd4 25. Qxd4 Rxd4 26.
Kf1 Kf8 27. Ke2 Rh4 28. h3 Ra4 29. Ra1 Ke7 30. a3 Rc4 31. Kd3 Rc5 32. Re1+ Kd6
33. Re8 Rf5 34. Ke3 Rb5 35. b4 a5 36. Rd8+ Ke6 37. bxa5 Rxa5 38. Rd3 Re5+ 39.
Kf3 Rb5 40. Ke3 h5 41. h4 f6 42. g3 g5 43. hxg5 fxg5 44. f4 h4 45. fxg5 h3 46.
Kf4 Ra5 47. Re3+ Kf7 48. g4 h2 49. Rh3 Rxa3 1/2-1/2

[Event "Bundesliga 9899"]
[Site "Deutschland"]
[Date "1998.11.22"]
[Round "4.8"]
[White "Vogt, Lothar"]
[Black "Jugelt, Tobias"]
[Result "1-0"]
[WhiteElo "2510"]
[BlackElo "2360"]
[PlyCount "86"]
[EventDate "1998.10.17"]
[EventType "team"]
[EventRounds "15"]
[EventCountry "GER"]
[SourceTitle "Bundesliga 9899"]
[Source "DeepChess"]
[SourceDate "2005.01.01"]
[SourceVersion "1"]
[SourceVersionDate "2005.01.01"]
[SourceQuality "1"]
[WhiteTeam "SG Porz e.V."]
[BlackTeam "Delmenhorster SK 1931"]
[WhiteTeamCountry "GER"]
[BlackTeamCountry "GER"]

1. e4 Nf6 2. e5 Nd5 3. d4 d6 4. Nf3 Bg4 5. Be2 e6 6. O-O Be7 7. h3 Bf5 8. c4
Nb4 9. exd6 Qxd6 10. Nc3 O-O 11. Nb5 Qd7 12. Bf4 N8c6 13. a3 Na6 14. d5 Nd8 15.
b4 exd5 16. cxd5 Bf6 17. Be5 Bxe5 18. Nxe5 Qe7 19. Nf3 Bd7 20. Nxc7 Nxc7 21. d6
Qe8 22. dxc7 Ne6 23. Rc1 Bc6 24. b5 Bxf3 25. Bxf3 Rc8 26. Bxb7 Rxc7 27. Rxc7
Nxc7 28. a4 Qb8 29. Qf3 Ne6 30. Bd5 Nc5 31. Qa3 Qd6 32. Rd1 Qb6 33. Bc6 Ne6 34.
a5 Qc7 35. Qc3 Rc8 36. g3 h6 37. Qb4 Rb8 38. Be4 g6 39. Rb1 Qe5 40. Bg2 Nd4 41.
b6 axb6 42. a6 Qf5 43. a7 Re8 1-0

[Event "Bundesliga 9899"]
[Site "Deutschland"]
[Date "1998.11.22"]
[Round "4.1"]
[White "Sokolovs, Andrei"]
[Black "Bologan, Viktor"]
[Result "1-0"]
[WhiteElo "2490"]
[BlackElo "2580"]
[PlyCount "49"]
[EventDate "1998.10.17"]
[EventType "team"]
[EventRounds "15"]
[EventCountry "GER"]
[SourceTitle "Bundesliga 9899"]
[Source "DeepChess"]
[SourceDate "2005.01.01"]
[SourceVersion "1"]
[SourceVersionDate "2005.01.01"]
[SourceQuality "1"]
[WhiteTeam "SK Zaehringen 1921"]
[BlackTeam "Dresdner SC 1898"]
[WhiteTeamCountry "GER"]
[BlackTeamCountry "GER"]

1. e4 c5 2. Nf3 e6 3. d4 cxd4 4. Nxd4 a6 5. Bd3 g6 6. O-O Bg7 7. Be3 Nc6 8.
Nxc6 bxc6 9. Nd2 d5 10. Bc5 Bxb2 11. c4 Ne7 12. exd5 cxd5 13. Rb1 Bf6 14. Ne4
Be5 15. cxd5 Nxd5 16. Bc4 Bxh2+ 17. Kxh2 Qh4+ 18. Kg1 Qxe4 19. Bd3 Qf4 20. Qb3
Bd7 21. Qb7 Rc8 22. Rfc1 Qd2 23. Bxa6 Qxa2 24. Bb5 Rxc5 25. Qxd7+ 1-0

[Event "Bundesliga 9899"]
[Site "Deutschland"]
[Date "1998.11.22"]
[Round "4.2"]
[White "Lanka, Zigurds"]
[Black "Cvitan, Ognjen"]
[Result "1-0"]
[WhiteElo "2525"]
[BlackElo "2560"]
[PlyCount "75"]
[EventDate "1998.10.17"]
[EventType "team"]
[EventRounds "15"]
[EventCountry "GER"]
[SourceTitle "Bundesliga 9899"]
[Source "DeepChess"]
[SourceDate "2005.01.01"]
[SourceVersion "1"]
[SourceVersionDate "2005.01.01"]
[SourceQuality "1"]
[WhiteTeam "Dresdner SC 1898"]
[BlackTeam "SK Zaehringen 1921"]
[WhiteTeamCountry "GER"]
[BlackTeamCountry "GER"]

1. e4 c6 2. d4 d5 3. exd5 cxd5 4. c4 Nf6 5. Nc3 e6 6. Nf3 Be7 7. cxd5 Nxd5 8.
Bd3 Nc6 9. O-O O-O 10. Re1 Nf6 11. a3 b6 12. Bc2 Ba6 13. Bg5 Rc8 14. Qd2 Na5
15. Qf4 Bb7 16. Rad1 Bd5 17. Qh4 g6 18. Ne5 Rc7 19. Re3 Nc4 20. Nxc4 Bxc4 21.
Rh3 Nh5 22. Bxe7 Qxe7 23. Qe4 Qg5 24. Qe3 h6 25. Qe1 Bd5 26. Be4 Rd8 27. Bxd5
exd5 28. Re3 Nf6 29. h3 Rcc8 30. Re5 Qh4 31. Qf1 g5 32. g3 Qh5 33. h4 Kg7 34.
Qd3 Re8 35. Rde1 Rxe5 36. dxe5 Ne4 37. Nxd5 Nc5 38. Qc3 $138 1-0

[Event "Bundesliga 9899"]
[Site "Deutschland"]
[Date "1998.11.22"]
[Round "4.3"]
[White "Siegel, Georg"]
[Black "Maiwald, Jens Uwe"]
[Result "1/2-1/2"]
[WhiteElo "2540"]
[BlackElo "2460"]
[PlyCount "93"]
[EventDate "1998.10.17"]
[EventType "team"]
[EventRounds "15"]
[EventCountry "GER"]
[SourceTitle "Bundesliga 9899"]
[Source "DeepChess"]
[SourceDate "2005.01.01"]
[SourceVersion "1"]
[SourceVersionDate "2005.01.01"]
[SourceQuality "1"]
[WhiteTeam "SK Zaehringen 1921"]
[BlackTeam "Dresdner SC 1898"]
[WhiteTeamCountry "GER"]
[BlackTeamCountry "GER"]

1. d4 Nf6 2. c4 g6 3. Nc3 Bg7 4. e4 d6 5. Be2 O-O 6. Nf3 e5 7. O-O Nc6 8. d5
Ne7 9. b4 Ne8 10. c5 f5 11. Nd2 Nf6 12. f3 f4 13. Nc4 g5 14. a4 Ng6 15. Ba3 Rf7
16. b5 dxc5 17. Bxc5 h5 18. Kh1 g4 19. a5 g3 20. b6 Ne8 21. Nb5 Bf8 22. Bg1 Qg5
23. Re1 h4 24. Bf1 h3 25. gxh3 Rg7 26. Qe2 Nh4 27. hxg3 fxg3 28. Ne3 Ng6 29.
Ng4 Nf4 30. Be3 axb6 31. axb6 Rxa1 32. Rxa1 cxb6 33. Bxf4 Qxf4 34. Rd1 Bxg4 35.
fxg4 Nf6 36. d6 Nxe4 37. d7 Rxd7 38. Rxd7 g2+ 39. Qxg2 Ng3+ 40. Kh2 Nxf1+ 41.
Kh1 Ng3+ 42. Kh2 Ne4+ 43. Kh1 Nf2+ 44. Kg1 Nxh3+ 45. Kh1 Nf2+ 46. Kg1 Nh3+ 47.
Kh1 1/2-1/2

[Event "Bundesliga 9899"]
[Site "Deutschland"]
[Date "1998.11.22"]
[Round "4.5"]
[White "Toth, Bela"]
[Black "Tischbierek, Raj"]
[Result "0-1"]
[WhiteElo "2395"]
[BlackElo "2525"]
[PlyCount "63"]
[EventDate "1998.10.17"]
[EventType "team"]
[EventRounds "15"]
[EventCountry "GER"]
[SourceTitle "Bundesliga 9899"]
[Source "DeepChess"]
[SourceDate "2005.01.01"]
[SourceVersion "1"]
[SourceVersionDate "2005.01.01"]
[SourceQuality "1"]
[WhiteTeam "SK Zaehringen 1921"]
[BlackTeam "Dresdner SC 1898"]
[WhiteTeamCountry "GER"]
[BlackTeamCountry "GER"]

1. d4 d6 2. g3 Nd7 3. Bg2 e5 4. c4 exd4 5. Qxd4 Ngf6 6. Nc3 g6 7. Nf3 Bg7 8.
Qe3+ Qe7 9. Qxe7+ Kxe7 10. Be3 c6 11. Rc1 Ng4 12. Bg5+ Bf6 13. Bxf6+ Ngxf6 14.
Nd4 h5 15. h3 Nb6 16. b3 a5 17. O-O a4 18. Rfd1 Be6 19. e4 axb3 20. axb3 h4 21.
g4 g5 22. Rd2 Ra3 23. Nd1 c5 24. Nb5 Rxb3 25. Nxd6 Nfd7 26. Ne3 Ne5 27. Ndf5+
Kf6 28. Rd6 Kg6 29. Ne7+ Kh7 30. N7f5 Ra8 31. Bf1 Nbd7 32. Rdd1 0-1

[Event "Bundesliga 9899"]
[Site "Deutschland"]
[Date "1998.11.22"]
[Round "4.6"]
[White "Borriss, Martin"]
[Black "Roos, Jean Luc"]
[Result "1-0"]
[WhiteElo "2430"]
[BlackElo "2315"]
[PlyCount "76"]
[EventDate "1998.10.17"]
[EventType "team"]
[EventRounds "15"]
[EventCountry "GER"]
[SourceTitle "Bundesliga 9899"]
[Source "DeepChess"]
[SourceDate "2005.01.01"]
[SourceVersion "1"]
[SourceVersionDate "2005.01.01"]
[SourceQuality "1"]
[WhiteTeam "Dresdner SC 1898"]
[BlackTeam "SK Zaehringen 1921"]
[WhiteTeamCountry "GER"]
[BlackTeamCountry "GER"]

1. e4 e6 2. d4 d5 3. Nc3 Bb4 4. e5 c5 5. a3 Bxc3+ 6. bxc3 Ne7 7. Nf3 b6 8. Bb5+
Bd7 9. Bd3 c4 10. Be2 Ba4 11. O-O Nbc6 12. g3 h6 13. Nh4 Kd7 14. f4 Qg8 15. f5
g5 16. fxg6 fxg6 17. Rf6 Rf8 18. Bg4 Nd8 19. Ng2 Qg7 20. Qe2 g5 21. Rxf8 Rxf8
22. Ne3 Qh7 23. Bb2 Qe4 24. Re1 Kc7 25. Qg2 Qxg2+ 26. Kxg2 Be8 27. Rf1 Rxf1 28.
Kxf1 Bg6 29. Bc1 Kc6 30. Ke2 Nf5 31. Ng2 Nf7 32. Bf3 Ng7 33. Ne3 b5 34. h4 h5
35. hxg5 Nxg5 36. Nxd5 exd5 37. Bxg5 Bxc2 38. Bf6 Nf5 1-0

[Event "Bundesliga 9899"]
[Site "Deutschland"]
[Date "1998.11.22"]
[Round "4.7"]
[White "Gruenenwald, Joerg"]
[Black "Gauglitz, Gernot"]
[Result "1/2-1/2"]
[WhiteElo "2345"]
[BlackElo "2400"]
[PlyCount "76"]
[EventDate "1998.10.17"]
[EventType "team"]
[EventRounds "15"]
[EventCountry "GER"]
[SourceTitle "Bundesliga 9899"]
[Source "DeepChess"]
[SourceDate "2005.01.01"]
[SourceVersion "1"]
[SourceVersionDate "2005.01.01"]
[SourceQuality "1"]
[WhiteTeam "SK Zaehringen 1921"]
[BlackTeam "Dresdner SC 1898"]
[WhiteTeamCountry "GER"]
[BlackTeamCountry "GER"]

1. d4 Nf6 2. c4 g6 3. Nc3 d5 4. Nf3 c6 5. cxd5 cxd5 6. Qb3 Nc6 7. Bg5 e6 8. e3
Be7 9. Bh6 a6 10. Be2 b5 11. O-O Na5 12. Qd1 Nd7 13. Rc1 Bb7 14. Bd3 Nc4 15.
Qe2 f5 16. Bf4 O-O 17. b3 Nd6 18. Ne5 Nxe5 19. Bxe5 Rc8 20. f3 Nf7 21. Bg3 Bf6
22. f4 Qb6 23. Bf2 Nd6 24. Rfd1 Be7 25. Qb2 Bc6 26. Be1 a5 27. Ne2 b4 28. Rc2
Bb5 29. Bxb5 Rxc2 30. Qxc2 Qxb5 31. Rc1 Kf7 32. Qd1 Qb7 33. Rc2 Rc8 34. Nc1 Ne4
35. Nd3 Bd6 36. Qc1 Rxc2 37. Qxc2 Ke7 38. Nf2 Nf6 1/2-1/2

[Event "Bundesliga 9899"]
[Site "Deutschland"]
[Date "1998.11.22"]
[Round "4.8"]
[White "Wegener, Dirk"]
[Black "Schuh, Hubert"]
[Result "1-0"]
[WhiteElo "2310"]
[BlackElo "2305"]
[PlyCount "83"]
[EventDate "1998.10.17"]
[EventType "team"]
[EventRounds "15"]
[EventCountry "GER"]
[SourceTitle "Bundesliga 9899"]
[Source "DeepChess"]
[SourceDate "2005.01.01"]
[SourceVersion "1"]
[SourceVersionDate "2005.01.01"]
[SourceQuality "1"]
[WhiteTeam "Dresdner SC 1898"]
[BlackTeam "SK Zaehringen 1921"]
[WhiteTeamCountry "GER"]
[BlackTeamCountry "GER"]

1. e4 c5 2. Nf3 e6 3. d4 cxd4 4. Nxd4 Nf6 5. Nc3 d6 6. g4 Be7 7. g5 Nfd7 8. Rg1
Nc6 9. Be3 Nb6 10. Qd2 O-O 11. O-O-O d5 12. exd5 exd5 13. h4 Ne5 14. b3 Bb4 15.
f4 Ng4 16. f5 Nxe3 17. Qxe3 Re8 18. Qf3 Qe7 19. Bg2 Bxc3 20. Qxc3 Qe3+ 21. Qxe3
Rxe3 22. a4 a5 23. Rge1 Rxe1 24. Rxe1 Kf8 25. f6 Bd7 26. Re7 Re8 27. Bxd5 Rxe7
28. fxe7+ Kxe7 29. Bxb7 Kd6 30. Kd2 Ke5 31. Nc6+ Bxc6 32. Bxc6 Kd4 33. c3+ Kc5
34. Be4 h6 35. gxh6 gxh6 36. Ke3 Nd7 37. Kf4 Nf6 38. Bf3 Nd7 39. Kf5 Kd6 40. b4
Ne5 41. Be4 Nd7 42. bxa5 1-0

[Event "Bundesliga 9899"]
[Site "Deutschland"]
[Date "1998.11.22"]
[Round "4.2"]
[White "Casper, Thomas"]
[Black "Slobodjan, Roman"]
[Result "1/2-1/2"]
[WhiteElo "2415"]
[BlackElo "2530"]
[PlyCount "33"]
[EventDate "1998.10.17"]
[EventType "team"]
[EventRounds "15"]
[EventCountry "GER"]
[SourceTitle "Bundesliga 9899"]
[Source "DeepChess"]
[SourceDate "2005.01.01"]
[SourceVersion "1"]
[SourceVersionDate "2005.01.01"]
[SourceQuality "1"]
[WhiteTeam "Erfurter SK"]
[BlackTeam "USC Magdeburg"]
[WhiteTeamCountry "GER"]
[BlackTeamCountry "GER"]

1. e4 e5 2. Bc4 Nf6 3. d3 c6 4. Bb3 Be7 5. Nc3 O-O 6. Nge2 d5 7. O-O dxe4 8.
Nxe4 Bg4 9. h3 Nxe4 10. hxg4 Nc5 11. d4 Nxb3 12. axb3 Nd7 13. Ng3 exd4 14. Qxd4
Bf6 15. Qd3 Ne5 16. Qxd8 Bxd8 17. Ra4 1/2-1/2

[Event "Bundesliga 9899"]
[Site "Deutschland"]
[Date "1998.11.22"]
[Round "4.4"]
[White "Enders, Peter"]
[Black "Rogozenko, Dorian"]
[Result "1-0"]
[WhiteElo "2525"]
[BlackElo "2495"]
[PlyCount "95"]
[EventDate "1998.10.17"]
[EventType "team"]
[EventRounds "15"]
[EventCountry "GER"]
[SourceTitle "Bundesliga 9899"]
[Source "DeepChess"]
[SourceDate "2005.01.01"]
[SourceVersion "1"]
[SourceVersionDate "2005.01.01"]
[SourceQuality "1"]
[WhiteTeam "Erfurter SK"]
[BlackTeam "USC Magdeburg"]
[WhiteTeamCountry "GER"]
[BlackTeamCountry "GER"]

1. e4 c5 2. Nf3 Nc6 3. d4 cxd4 4. Nxd4 Nf6 5. Nc3 e6 6. Ndb5 d6 7. Bf4 e5 8.
Bg5 a6 9. Na3 b5 10. Bxf6 gxf6 11. Nd5 Bg7 12. Bd3 Ne7 13. Nxe7 Qxe7 14. c3 f5
15. Nc2 Qb7 16. f3 f4 17. O-O O-O 18. Kh1 Kh8 19. Nb4 Be6 20. Qe2 Rab8 21. Rfd1
a5 22. Nd5 Bxd5 23. exd5 f5 24. a4 b4 25. Bb5 bxc3 26. bxc3 Rf6 27. Rab1 Qf7
28. c4 Rd8 29. c5 dxc5 30. Bc4 Qe7 31. Rb5 e4 32. Rxa5 Rh6 33. h3 Bd4 34. Rb5
Qg5 35. fxe4 Re8 36. d6 Rxd6 37. e5 Rh6 38. Rb3 Qg4 39. Qxg4 fxg4 40. e6 Be3
41. Rdb1 Kg7 42. Rb7+ Kf6 43. Rb8 Rxb8 44. Rxb8 f3 45. Rf8+ Ke7 46. Rf7+ Kd8
47. e7+ Ke8 48. Bb5+ 1-0

[Event "Bundesliga 9899"]
[Site "Deutschland"]
[Date "1998.11.22"]
[Round "4.5"]
[White "Proehl, Holger"]
[Black "Mueller, Matthias"]
[Result "1/2-1/2"]
[WhiteElo "2395"]
[BlackElo "2385"]
[PlyCount "78"]
[EventDate "1998.10.17"]
[EventType "team"]
[EventRounds "15"]
[EventCountry "GER"]
[SourceTitle "Bundesliga 9899"]
[Source "DeepChess"]
[SourceDate "2005.01.01"]
[SourceVersion "1"]
[SourceVersionDate "2005.01.01"]
[SourceQuality "1"]
[WhiteTeam "USC Magdeburg"]
[BlackTeam "Erfurter SK"]
[WhiteTeamCountry "GER"]
[BlackTeamCountry "GER"]

1. e4 e5 2. Nc3 Nf6 3. g3 d5 4. exd5 Nxd5 5. Bg2 Nxc3 6. bxc3 Nc6 7. Nf3 Bc5 8.
O-O O-O 9. d3 Bg4 10. Qe1 Re8 11. Qe4 Bh5 12. Ng5 Bg6 13. Qc4 Be7 14. Ne4 Na5
15. Qb5 c5 16. c4 a6 17. Qb2 Rb8 18. a4 Nc6 19. Be3 Nd4 20. Nc3 Bd6 21. Rfe1
Bc7 22. Nd5 Ba5 23. c3 Bxd3 24. cxd4 Bxe1 25. dxe5 Qa5 26. Qc1 Bb4 27. Bf4 Re6
28. Bh3 Rbe8 29. Bxe6 fxe6 30. Ne3 Bd2 31. Qd1 Bxe3 32. Qxd3 Bd4 33. Rb1 Rd8
34. Qf3 Rd7 35. Qg4 Re7 36. Bg5 Rf7 37. Bf4 Re7 38. Bg5 Rf7 39. Bf4 Re7 1/2-1/2

[Event "Bundesliga 9899"]
[Site "Deutschland"]
[Date "1998.11.22"]
[Round "4.6"]
[White "Troyke, Christian"]
[Black "Naumann, Alexander"]
[Result "0-1"]
[WhiteElo "2400"]
[BlackElo "2375"]
[PlyCount "78"]
[EventDate "1998.10.17"]
[EventType "team"]
[EventRounds "15"]
[EventCountry "GER"]
[SourceTitle "Bundesliga 9899"]
[Source "DeepChess"]
[SourceDate "2005.01.01"]
[SourceVersion "1"]
[SourceVersionDate "2005.01.01"]
[SourceQuality "1"]
[WhiteTeam "Erfurter SK"]
[BlackTeam "USC Magdeburg"]
[WhiteTeamCountry "GER"]
[BlackTeamCountry "GER"]

1. g3 Nf6 2. Bg2 g6 3. c4 d5 4. cxd5 Nxd5 5. Qb3 c6 6. Nc3 Nb6 7. Nf3 Bg7 8.
O-O O-O 9. d3 N8d7 10. a4 Nf6 11. a5 Nbd5 12. Bd2 Rb8 13. Rfc1 Re8 14. Ng5 e6
15. Qa4 h6 16. Nf3 e5 17. e4 Nc7 18. Be3 Ra8 19. h3 Qd6 20. Rd1 b5 21. Qc2 c5
22. Na2 Nd7 23. Qd2 Kh7 24. b4 Ne6 25. bxc5 Ndxc5 26. Qb4 a6 27. Nxe5 Bxe5 28.
d4 Nxd4 29. Bxd4 Bxd4 30. Rxd4 Qe7 31. Rc1 Ne6 32. Rd6 Bb7 33. Rb6 Qd7 34. Qb2
Rac8 35. Rxc8 Rxc8 36. Nb4 Nc5 37. Qf6 Nxe4 38. Bxe4 Bxe4 39. f3 Rc1+ 0-1

[Event "Bundesliga 9899"]
[Site "Deutschland"]
[Date "1998.11.22"]
[Round "4.7"]
[White "Machelett, Heiko"]
[Black "Fuhrmann, Daniel"]
[Result "0-1"]
[WhiteElo "2355"]
[BlackElo "2300"]
[PlyCount "78"]
[EventDate "1998.10.17"]
[EventType "team"]
[EventRounds "15"]
[EventCountry "GER"]
[SourceTitle "Bundesliga 9899"]
[Source "DeepChess"]
[SourceDate "2005.01.01"]
[SourceVersion "1"]
[SourceVersionDate "2005.01.01"]
[SourceQuality "1"]
[WhiteTeam "USC Magdeburg"]
[BlackTeam "Erfurter SK"]
[WhiteTeamCountry "GER"]
[BlackTeamCountry "GER"]

1. d4 d5 2. c4 e6 3. Nc3 Nf6 4. cxd5 exd5 5. Bg5 Be7 6. e3 c6 7. Bd3 Nbd7 8.
Qc2 O-O 9. Nge2 Re8 10. f3 Nf8 11. O-O Be6 12. Rad1 Rc8 13. Kh1 N6d7 14. Bf4
Qa5 15. Bg3 b5 16. a3 Nb6 17. Nf4 Nc4 18. Rfe1 Red8 19. Nxe6 fxe6 20. Ra1 Qb6
21. Qe2 a6 22. Rad1 c5 23. dxc5 Bxc5 24. e4 Bd4 25. Bh4 Nxb2 26. Bxd8 Qxd8 27.
Nxb5 axb5 28. Rb1 Na4 29. Rbc1 Nc3 30. Qd2 dxe4 31. Bxe4 Bf6 32. Qe3 Qa5 33.
Bd3 Ra8 34. g4 Nd5 35. Qe4 Qxa3 36. Bxb5 Nc3 37. Qc6 Nxb5 38. g5 Nd4 39. Qe4
Qxf3+ 0-1

[Event "Bundesliga 9899"]
[Site "Deutschland"]
[Date "1998.11.22"]
[Round "4.8"]
[White "Voekler, Bernd"]
[Black "Stolz, Mike"]
[Result "1-0"]
[WhiteElo "2390"]
[BlackElo "2330"]
[PlyCount "83"]
[EventDate "1998.10.17"]
[EventType "team"]
[EventRounds "15"]
[EventCountry "GER"]
[SourceTitle "Bundesliga 9899"]
[Source "DeepChess"]
[SourceDate "2005.01.01"]
[SourceVersion "1"]
[SourceVersionDate "2005.01.01"]
[SourceQuality "1"]
[WhiteTeam "Erfurter SK"]
[BlackTeam "USC Magdeburg"]
[WhiteTeamCountry "GER"]
[BlackTeamCountry "GER"]

1. e4 e6 2. d4 d5 3. Nc3 Bb4 4. e5 b6 5. Qg4 Bf8 6. h4 Qd7 7. h5 Ba6 8. h6 gxh6
9. Rh3 Bxf1 10. Kxf1 Nc6 11. Nge2 Nge7 12. Bxh6 Bxh6 13. Rxh6 Nf5 14. Rh5 O-O-O
15. Rd1 Rdg8 16. Qf3 Ng7 17. Rh6 Nf5 18. Rh3 h5 19. g3 Rg5 20. Qf4 Qd8 21. f3
Rhg8 22. Kf2 Qf8 23. a3 R8g6 24. Rdh1 f6 25. exf6 Qxf6 26. Nb5 Qg7 27. Rxh5
Rxh5 28. Rxh5 Nxg3 29. Nxg3 Kb7 30. Qh4 Rf6 31. Nd6+ cxd6 32. Rh7 Rf7 33. Rxg7
Rxg7 34. c3 Re7 35. b4 a6 36. a4 b5 37. a5 e5 38. Nf5 Rd7 39. Qh8 Kc7 40. Ne3
Ne7 41. Qa8 exd4 42. cxd4 1-0

[Event "Bundesliga 9899"]
[Site "Deutschland"]
[Date "1998.11.22"]
[Round "4.1"]
[White "Ftacnik, Lubomir"]
[Black "Schlosser, Philipp"]
[Result "1/2-1/2"]
[WhiteElo "2580"]
[BlackElo "2515"]
[PlyCount "49"]
[EventDate "1998.10.17"]
[EventType "team"]
[EventRounds "15"]
[EventCountry "GER"]
[SourceTitle "Bundesliga 9899"]
[Source "DeepChess"]
[SourceDate "2005.01.01"]
[SourceVersion "1"]
[SourceVersionDate "2005.01.01"]
[SourceQuality "1"]
[WhiteTeam "Hamburger SK 1830 e.V."]
[BlackTeam "SK Passau 1869"]
[WhiteTeamCountry "GER"]
[BlackTeamCountry "GER"]

1. d4 Nf6 2. Nf3 e6 3. c4 d5 4. g3 Bb4+ 5. Bd2 Be7 6. Bg2 c6 7. Qc2 O-O 8. O-O
Nbd7 9. Bf4 b6 10. cxd5 cxd5 11. Rc1 Bb7 12. Bc7 Qc8 13. Qd1 Ba6 14. Bf4 Qd8
15. Nc3 b5 16. a4 Qb6 17. axb5 Bxb5 18. Nxb5 Qxb5 19. b3 a5 20. Bf1 Rfc8 21.
Bd2 Rxc1 22. Rxc1 Qb6 23. e3 Rb8 24. Bd3 Qxb3 25. Bxa5 1/2-1/2

[Event "Bundesliga 9899"]
[Site "Deutschland"]
[Date "1998.11.22"]
[Round "4.2"]
[White "Ribli, Zoltan"]
[Black "Wahls, Matthias"]
[Result "1-0"]
[WhiteElo "2565"]
[BlackElo "2605"]
[PlyCount "91"]
[EventDate "1998.10.17"]
[EventType "team"]
[EventRounds "15"]
[EventCountry "GER"]
[SourceTitle "Bundesliga 9899"]
[Source "DeepChess"]
[SourceDate "2005.01.01"]
[SourceVersion "1"]
[SourceVersionDate "2005.01.01"]
[SourceQuality "1"]
[WhiteTeam "SK Passau 1869"]
[BlackTeam "Hamburger SK 1830 e.V."]
[WhiteTeamCountry "GER"]
[BlackTeamCountry "GER"]

1. Nf3 Nf6 2. c4 e6 3. Nc3 c5 4. d4 cxd4 5. Nxd4 Bb4 6. g3 O-O 7. Bg2 d5 8.
cxd5 Nxd5 9. Qb3 Nc6 10. Nxc6 bxc6 11. O-O Qa5 12. Bd2 Bxc3 13. Bxc3 Nxc3 14.
bxc3 Ba6 15. Qb4 Qxb4 16. cxb4 Rab8 17. a3 Bxe2 18. Rfc1 Bb5 19. Bxc6 Bxc6 20.
Rxc6 Rfc8 21. Rac1 Rxc6 22. Rxc6 g5 23. Ra6 Rb7 24. Kg2 Kg7 25. Kf3 Kg6 26. Ke4
h5 27. f4 g4 28. f5+ Kf6 29. fxe6 fxe6 30. Ra5 Kg6 31. Re5 Rb6 32. Kd4 Rd6+ 33.
Kc3 Ra6 34. Kb3 Rd6 35. b5 Rd2 36. Rxe6+ Kf5 37. Re7 Rxh2 38. Rxa7 Rh3 39. b6
Rxg3+ 40. Kb4 Re3 41. b7 Re4+ 42. Kb3 Re1 43. Ra5+ Kg6 44. Kc2 Re2+ 45. Kc3
Re3+ 46. Kc4 1-0

[Event "Bundesliga 9899"]
[Site "Deutschland"]
[Date "1998.11.22"]
[Round "4.3"]
[White "Kempinski, Robert"]
[Black "Schmidt, Peter"]
[Result "1-0"]
[WhiteElo "2520"]
[BlackElo "2410"]
[PlyCount "143"]
[EventDate "1998.10.17"]
[EventType "team"]
[EventRounds "15"]
[EventCountry "GER"]
[SourceTitle "Bundesliga 9899"]
[Source "DeepChess"]
[SourceDate "2005.01.01"]
[SourceVersion "1"]
[SourceVersionDate "2005.01.01"]
[SourceQuality "1"]
[WhiteTeam "Hamburger SK 1830 e.V."]
[BlackTeam "SK Passau 1869"]
[WhiteTeamCountry "GER"]
[BlackTeamCountry "GER"]

1. d4 Nf6 2. c4 e6 3. Nf3 b6 4. g3 Ba6 5. Nbd2 Bb4 6. Qa4 Qe7 7. a3 Bxd2+ 8.
Bxd2 O-O 9. Rc1 Bb7 10. Bg2 c5 11. dxc5 bxc5 12. O-O a5 13. Rfd1 d6 14. Ne1
Bxg2 15. Nxg2 Ne4 16. Be1 Ra6 17. Qc2 Qb7 18. f3 Nf6 19. Bc3 e5 20. Nh4 Qc7 21.
Qd2 Ne8 22. Nf5 a4 23. f4 f6 24. fxe5 dxe5 25. Qd5+ Kh8 26. Rd3 g6 27. Ne3 Rd6
28. Qe4 Rxd3 29. Qxd3 Nc6 30. Nd5 Qb7 31. Rf1 Kg7 32. e3 Rf7 33. h4 Qb3 34. Qe4
Nd6 35. Qf3 Qxc4 36. Nxf6 Qe6 37. Qxc6 Rxf6 38. Rxf6 Kxf6 39. Qxc5 Nf7 40. Qb4
Qh3 41. Qf4+ Ke6 42. Qf3 h5 43. Bb4 Nd6 44. Bxd6 Kxd6 45. Qf6+ Kd5 46. Qxg6 Qc8
47. Qd3+ Ke6 48. Qc3 Qb7 49. Kf2 Qh1 50. Qc8+ Kd6 51. Qf8+ Ke6 52. Qe8+ Kf6 53.
Qxa4 Qh2+ 54. Kf3 Qh1+ 55. Ke2 Qg2+ 56. Kd3 Qxb2 57. Qb4 Qa1 58. Qf8+ Ke6 59.
Qe8+ Kf6 60. Qxh5 Qxa3+ 61. Ke2 Qb2+ 62. Kf1 Qb1+ 63. Kf2 e4 64. Qe2 Kg6 65.
Kg2 Kh6 66. Qf2 Qd3 67. g4 Qb1 68. Qf4+ Kg7 69. h5 Kh7 70. g5 Qd3 71. Qf7+ Kh8
72. Qf8+ 1-0

[Event "Bundesliga 9899"]
[Site "Deutschland"]
[Date "1998.11.22"]
[Round "4.5"]
[White "Heinemann, Thies"]
[Black "Smejkal, Jan"]
[Result "1/2-1/2"]
[WhiteElo "2450"]
[BlackElo "2525"]
[PlyCount "61"]
[EventDate "1998.10.17"]
[EventType "team"]
[EventRounds "15"]
[EventCountry "GER"]
[SourceTitle "Bundesliga 9899"]
[Source "DeepChess"]
[SourceDate "2005.01.01"]
[SourceVersion "1"]
[SourceVersionDate "2005.01.01"]
[SourceQuality "1"]
[WhiteTeam "Hamburger SK 1830 e.V."]
[BlackTeam "SK Passau 1869"]
[WhiteTeamCountry "GER"]
[BlackTeamCountry "GER"]

1. e4 e5 2. Nf3 Nc6 3. Nc3 Nf6 4. d4 exd4 5. Nxd4 d6 6. Be2 Be7 7. O-O O-O 8.
b3 Re8 9. Bb2 Bf8 10. Nxc6 bxc6 11. Bf3 Bb7 12. Re1 g6 13. Qd2 Bg7 14. Na4 Nd7
15. Bxg7 Kxg7 16. g3 c5 17. Bg2 Bc6 18. Nc3 Rb8 19. Nd5 Bxd5 20. Qxd5 Nb6 21.
Qd2 Qf6 22. Rad1 Re7 23. Re3 Rbe8 24. a4 Qb2 25. Rde1 Qd4 26. Qc1 Nd7 27. c3
Qf6 28. Qd1 Qe6 29. Bf1 Ne5 30. Be2 h5 31. b4 1/2-1/2